Normal view
MARC view
- Shahid,Muhammad Muneeb
Entry Personal Name
001 - CONTROL NUMBER
- control field: 5259
003 - CONTROL NUMBER IDENTIFIER
- control field: NUST
005 - DATE AND TIME OF LATEST TRANSACTION
- control field: 20171004155511.0
008 - FIXED-LENGTH DATA ELEMENTS
- fixed length control field: 171004|| aca||aabn | a|a d
040 ## - CATALOGING SOURCE
- Original cataloging agency: NUST
- Transcribing agency: NUST
100 ## - HEADING--PERSONAL NAME
- Personal name: Shahid,Muhammad Muneeb
670 ## - SOURCE DATA FOUND
- Source citation: Work cat.: (NUST): Shahid,Muhammad Muneeb, Role of internship supervision and self directed learning readiness for employability skills of university studets, 2016
